00489nam a2200169Ia 4500008004100000041000800041082001400049100001500063245002600078250001200104260004400116300001000160650002200170942000700192952010500199999001500304230711s9999||||xx |||||||||||||| ||und|| aENG a690bOH-B aOhri,Kapil 0aBuilding construction a6th Ed. c2011aJalandharbIndia Publishing House a279p. aCivil Engineering cBK 001040708CaMCLbMCLd0000-00-00g180.00l0o690 OH-BpPW741r2023-08-17 15:01:32w2023-08-17yBK c9855d9855